000 00458nam a2200169Ia 4500
003 GCL
008 140319s9999 xx 000 0 eng d
040 _aGCL /
_cGCL
082 0 4 _a658.80991
_bMM
100 1 _aMIDDLETON, VIVTOR C.
245 1 0 _aMARKETING IN TRAVEL AND TOURISM /
_cMIDDLETON, VIVTOR C.
260 _a[S.N] :
_bHEINEMANN PRAFESSIONAL PUBLISHING ،
_c1988
300 _a308 P
650 0 4 _aMARKETING
650 0 4 _aTOURISM
942 _2ddc
_cBK
999 _c20686
_d20686